000 01043nam a22003257a 4500
001 000022872
003 CHAP
005 20220329134533.0
008 971013s1968 r 00010 d
010 _a21827
011 _a22799
035 _a26894
040 _cCHAP
090 _aFolleto 3184
110 2 _aAsociación Mexicana de Profesionistas Forestales, A. C.
_98069
245 1 0 _aPrimer censo nacional de profesionistas forestales mexicanos.
260 _aMéxico, D.F. :
_bAsociación Mexicana de Profesionistas Forestales, A.C.,
_c1968.
300 _a48 p.
590 _aBATCH-UPD
_b10
_c20130110
_lUCH01
_h2156
590 _aBATCH-UPD
_b10
_c20130410
_lUCH01
_h1504
590 _aBATCH-UPD
_b10
_c20130914
_lUCH01
_h0709
590 _aCONVERSION
_b10
_c20130109
_lUCH01
_h1313
590 _aE11695DGD
_b10
_c20150515
_lUCH01
_h1132
590 _aE5995AHE
_b05
_c20150428
_lUCH01
_h1347
650 1 4 _aBosques
_xDirectorios.
_914124
650 1 4 _aBosques
_xDirectorios
_xMéxico.
_914126
901 _aBK
942 _cFOLL
942 _n0
999 _c21827
_d21827